| 000 | 00448nam a22001817a 4500 | ||
|---|---|---|---|
| 999 |
_c526478 _d526478 |
||
| 003 | NUST | ||
| 020 | _a- | ||
| 038 | _aZafar Malik | ||
| 082 |
_a891.423 _bAHM |
||
| 100 |
_aAhmad, Ali Anwar _915915 |
||
| 245 |
_aShikaran \ _cAli Anwar Ahmad |
||
| 260 |
_aLahore : _bZarsha Publishers ; _c2014. |
||
| 300 | _a96 p. ; | ||
| 500 | _aHardcover | ||
| 880 |
_6100-02\r _aعلی انور احمد |
||
| 880 |
_6245-02\r _aشکارن |
||
| 942 |
_2ddc _cBK |
||